000 00877nam a2200265Ia 4500
003 OSt
005 20220918173453.0
006 a|||||r|||| 00| 0
007 ta
008 220917b |||||||| |||| 00| 0 eng d
024 _a6,792
037 _cTextual
040 _aARTS
_cARTS
_beng
041 _2eng
_aeng
082 _a2:(D65,8(B)), L11
100 _aFasana Paul J. ed
_946154
245 0 _aCollaborative library systems development
260 _aCambridge
_bMIT Press
_c1971
300 _a241p
_ccm.
500 _aAppendix (p226-336) A The collaborative library systems development project (CLSD) : A mechanism for inter - University cooperation by Paul J Fasana
650 _aLIBRARY SCIENCE
700 _a Veaner Allen. ed
_946155
942 _h2:(D65,8(B)), L11
_cTEXL
_2CC
999 _c148756
_d148756